| 000 | 00448nam a22001697a 4500 | ||
|---|---|---|---|
| 003 | BT-PhCST | ||
| 005 | 20220823112134.0 | ||
| 008 | 220823b |||||||| |||| 00| 0 eng d | ||
| 040 | _cBT-PhCST | ||
| 050 | _a3858 | ||
| 082 |
_222 _a621.381522 |
||
| 100 | _aBoylestad, Robert L and Nashelsky, Louis. | ||
| 245 | _aElectronics devices and circuit theory / | ||
| 260 |
_aNew Delhi, _bPrentice Hall, _cc2002. |
||
| 300 |
_a0 _bill.; |
||
| 942 |
_2ddc _cEE _039 |
||
| 999 |
_c84 _d84 |
||